000
00267nam a22001217a 4500
008
170905b xxu||||| |||| 00| 0 eng d
041
_a
eng
080
_a
621
100
_a
27
101
_a
IM
245
_a
ANALOG AND DIGITAL COMMUNICATIONS
_c
HSU,H
942
_2
udc
_c
BK
999
_c
26132
_d
26132